Normal view MARC view

Entry Nombre personal

Number of records used in: 1

001 - NÚMERO DE CONTROL

  • campo de control: 163529

003 - IDENTIFICADOR DE NÚMERO DE CONTROL

  • campo de control: SpMaBN

005 - FECHA Y HORA DE LA ÚLTIMA TRANSACCIÓN

  • campo de control: 20250824024705.0

008 - ELEMENTOS DE DATO DE LONGITUD-FIJA

  • campo de control de longitud fija: 951018n| aijnnaabn |a aaa

016 ## - NÚMERO DE CONTROL DE UNA AGENCIA BIBLIOGRÁFICA NACIONAL

  • Número de control del registro: BNE19951102891

024 7# - IDENTIFICADOR DE OTROS ESTÁNDARES

  • Número estándar o código: http://viaf.org/viaf/2815933/
  • Fuente: viaf

024 7# - IDENTIFICADOR DE OTROS ESTÁNDARES

  • Número estándar o código: https://isni.org/isni/0000000114662281
  • Fuente: isni

024 7# - IDENTIFICADOR DE OTROS ESTÁNDARES

  • Número estándar o código: http://www.wikidata.org/entity/Q55836308
  • Fuente: wikidata

040 ## - FUENTE DE CATALOGACIÓN

  • Centro catalogador/agencia de origen: SpMaBN
  • Lengua de catalogación: spa
  • Centro/agencia transcriptor: SpMaBN
  • Normas de descripción: rdc
  • Convención/Normas de encabezamiento de materia/tesauro: embne

046 ## - FECHAS CON CODIFICACIÓN ESPECIAL

  • Fecha de nacimiento: 1733
  • Fecha de la muerte: 1787

100 1# - ENCABEZAMIENTO-NOMBRE DE PERSONA

  • Nombre de persona: Merino de Jesucristo, Andrés,
  • Fechas asociadas al nombre: 1733-1787

375 ## - GÉNERO/SEXO

  • Género: Masculino

400 1# - TRAZADO DE VÉASE--NOMBRE DE PERSONA

  • Nombre de persona: Andrés, P.,
  • Fechas asociadas al nombre: 1733-1787

400 1# - TRAZADO DE VÉASE--NOMBRE DE PERSONA

  • Nombre de persona: Merino, Andrés,
  • Fechas asociadas al nombre: 1733-1787

400 1# - TRAZADO DE VÉASE--NOMBRE DE PERSONA

  • Nombre de persona: Merino de Jesu-Christo, Andrés,
  • Fechas asociadas al nombre: 1733-1787

670 ## - FUENTE DE DATOS ENCONTRADOS

  • Cita de la fuente: Escuela paleographica ó de leer letras antiguas desde la entrada de los godos en España, hasta nuestros tiempos, 1994 (facs.: 1780)
  • Información encontrada: port. (Andrés Merino de Jesu-Christo; religioso de las Escuelas Pías, de la Provincia de Castilla) anteport. (Andrés Merino de Jesuchristo)

670 ## - FUENTE DE DATOS ENCONTRADOS

  • Cita de la fuente: Palau
  • Información encontrada: (Merino de Jesucristo, Andrés)

670 ## - FUENTE DE DATOS ENCONTRADOS

  • Cita de la fuente: Espasa
  • Información encontrada: (Merino, Andrés; religioso escolapio, polígrafo y arabista español; n. Elciego, Álava, m. Valencia, 1733-1787)

670 ## - FUENTE DE DATOS ENCONTRADOS

  • Cita de la fuente: Páez. Repertorio
  • Información encontrada: t.1, p.52 (Andres, P. véase: Merino de Jesucristo, Andrés)